logo

Bir Sreshtho Munshi Abdur Rouf Library
Jhenaidah Cadet College

রসায়ন-II / (Record no. 8418)

MARC details
000 -LEADER
fixed length control field 00661nam a2200217 a 4500
001 - CONTROL NUMBER
JCCL Control Number 8418
003 - CONTROL NUMBER IDENTIFIER
JCCL marc code BD-JhCC
005 - DATE AND TIME OF LATEST TRANSACTION
control field 20180224111601.0
008 - FIXED-LENGTH DATA ELEMENTS--GENERAL INFORMATION
fixed length control field 171219s2005 bg a|||| ||a| 000 0 ben d
035 ## - SYSTEM CONTROL NUMBER
system control number (BD-JhCC)8418
040 ## - CATALOGING SOURCE
Original cataloging agency BD-JhCC
Modifying agency BD-JhCC
041 ## - LANGUAGE CODE
Language code of Book ben
082 ## - DEWEY DECIMAL CLASSIFICATION NUMBER
Classification number 540
Author mark and Year ALI 2005
100 ## - MAIN ENTRY--PERSONAL NAME
Personal name আলী, মুহম্মদ ইদ্রিস
245 ## - TITLE STATEMENT
Title রসায়ন-II /
Statement of responsibility, etc মুহম্মদ ইদ্রিস আলী
260 ## - PUBLICATION, DISTRIBUTION, ETC. (IMPRINT)
Place of publication, distribution, etc ঢাকা :
Name of publisher, distributor, etc কোয়ালিটি পাবলিকেশন,
Date of publication, distribution, etc 2005.
300 ## - PHYSICAL DESCRIPTION
Pagination 1072 p. :
Dimensions 22 cm.
650 ## - SUBJECT ADDED ENTRY--TOPICAL TERM
Topical term or geographic name as entry element Chemistry
942 ## - ADDED ENTRY ELEMENTS (KOHA)
Source of classification or shelving scheme Dewey Decimal Classification
Koha item type Books
Holdings
Source of classification or shelving scheme volume number Damaged status Not for loan Home library Current library Shelving location Date of accession Cost, normal purchase price Total Checkouts Full call number Barcode Date last seen Date checked out Copy number Koha item type
Dewey Decimal Classification V-2     JCC Rouf Library JCC Rouf Library General Stacks 02/24/2018 385.00 1 540 ALI 2005 10960 09/26/2023 08/28/2023 C-1 Books

JCC Library | Contacts | JCC Home

Last Update on 23 September 2017
Copyright @ 2017-2020 JCC Rouf Library
Rouf Library, Jhenidah Cadet College (JCC), Bangladesh